000 00793nam a2200217 i 4500
001 163977
003 ES-MaACL
005 20230906212841.0
008 050727s1888 sp | |||||||| ||spa d
040 _aCAM
_bspa
_cCAM
100 1 _aRosetty, José.
_9132066
245 1 0 _aGuía oficial de Cadiz, su provincia y departamento
_b: 1888-Año XXXIV /
_cpor José Rosetty.
260 _aCádiz :
_b[s.n.],
_c1888 (
_fImprenta de la Revista médica de Federico Joly)
300 _a551, 247 p. ;
_c22 cm.
490 1 _aGuia Rosetty
597 _aLa segunda secuencia de pag. corresponde a la sección de anuncios.
651 4 _aCádiz (Provincia)-
_xDescripción.
_9153463
830 0 _aGuia Rosetty
_9222320
852 _aES-MaACL
_jG-11526
_z-- Enc. cart. original
999 _c163977
_d163977